Cómo el hombre llegó a pensar / (Record no. 17932)

000 -CABECERA
fixed length control field 00558nam a22001817a 4500
003 - IDENTIFICADOR DEL NÚMERO DE CONTROL
control field AR-CdUCM
008 - DATOS DE LONGITUD FIJA--INFORMACIÓN GENERAL
fixed length control field 190510b ||||| |||| 00| 0 spa d
040 ## - FUENTE DE LA CATALOGACIÓN
Agencia/entidad que catalogó originalmente la obra MUNICIPALIDAD PROVINCIAL DEL CUSCO
Entidad que transcribió la catalogación BIBLIOTECA MUNICIPAL DEL CUSCO
082 ## - NÚMERO DE LA CLASIFICACIÓN DECIMAL DEWEY
No. de Clasificación 128.3 /
Notacion interna S28
100 ## - ENTRADA PRINCIPAL--NOMBRE DE PERSONA
Nombre Personal Sidorov, M
245 ## - MENCIÓN DE TÍTULO
Título Cómo el hombre llegó a pensar /
260 ## - PUBLICACIÓN, DISTRIBUCIÓN, ETC.
Lugar de publicación, distribución, etc. Buenos Aires :
Nombre de la editorial, distribuidor, etc. Cartago,
Fecha de publicación, distribución, etc. 1967.
300 ## - DESCRIPCIÓN FÍSICA
Nº de Páginas Extensión 134 páginas ;
Dimensiones 20 cm.
505 ## - NOTA DE CONTENIDO CON FORMATO
Nota de contenido formateada Lo mas valioso -- De la selva a las estrellas --
650 ## - PUNTO DE ACCESO ADICIONAL DE MATERIA--TÉRMINO DE MATERIA
Descriptor Literatura.
9 (RLIN) 83
942 ## - ELEMENTOS DE PUNTO DE ACCESO ADICIONAL (KOHA)
Fuente de clasificación
Tipo de item Libros-BMC
945 ## - PROCESAMIENTO DE INFORMACIÓN LOCAL (OCLC)
Catalogador wfj
Holdings
Estado de retiro (separado) Fuente de clasificación o esquema de estanterías Estado dañado Ubicación Sala donde se ubica Nombre de la colección Fecha de adquisición o compra Costo, precio normal en soles Signatura topográfica Código de Barras Última vez visto (Koha) Tipo de ítem (Koha)
No     Sala Humanidades Sala Humanidades Book Cart 2019-05-10 40.00 128.3 / S28 SH0000012908 2019-05-10 Libros-BMC

Powered by Koha